| 000 | 00382 a2200145 4500 | ||
|---|---|---|---|
| 999 |
_c12347 _d12347 |
||
| 003 | OSt | ||
| 005 | 20240117103029.0 | ||
| 008 | 240117b ||||| |||| 00| 0 eng d | ||
| 020 | _a9780674318311 | ||
| 082 |
_a712.50924 _bZAI |
||
| 100 | _aZaitzevsky, Cynthia | ||
| 245 | _aFrederick Law Olmsted and the Boston park system | ||
| 260 |
_bHarvard University Press _c1992 |
||
| 942 | _2ddc | ||